000
00324nam a2200157Ia 4500
100
_a
Antoniou/Andreas
250
_a
2
942
_c
BK
366
_f
15
654
_a
digital
245
_a
Digital filters:Analysis
260
_b
Tata Mc Graw hill
_c
1999
082
_a
621.3815
_b
ANT
300
_a
689
546
_a
ENGLISH
999
_c
20758
_d
20758